Normal view MARC view
  • Tuncer, Nazan

Entry Personal Name

Number of records used in: 1

001 - CONTROL NUMBER

  • control field: 153706

003 - CONTROL NUMBER IDENTIFIER

  • control field: TR-AnTOB

005 - DATE AND TIME OF LATEST TRANSACTION

  • control field: 20260416103706.0

008 - FIXED-LENGTH DATA ELEMENTS

  • fixed length control field: 260416n|eazannaab| |n aaa d

040 ## - CATALOGING SOURCE

  • Original cataloging agency: TR-AnTOB

100 1# - HEADING--PERSONAL NAME

  • Personal name: Tuncer, Nazan
Devinim Yazılım Eğitim Danışmanlık tarafından Koha'nın orjinal sürümü uyarlanarak geliştirilip kurulmuştur.